| 000 | 00648nac a22001811u 4500 | ||
|---|---|---|---|
| 082 |
_a621.31042 _bGUP |
||
| 090 |
_c10021 _d10021 |
||
| 100 | _aGupta, J. B. | ||
| 245 |
_aElectromechanical energy conversion-1/ _cBy J. B. Jupta |
||
| 260 |
_aNew Delhi: _bS. K. Kataria,2006 _c2006 |
||
| 300 |
_a500 p.: _bill.; _c23 cm. |
||
| 500 | _aDistributer; Al-Ahram | ||
| 511 | _aCatalogued by: wessam | ||
| 650 | _aElectric machinery | ||
| 650 | _aElectric egineering | ||
| 942 |
_cBB _k621.31042GUP |
||
| 999 |
_c10021 _d10021 |
||